| 000 | 04314nam a22003857a 4500 | ||
|---|---|---|---|
| 005 | 20120619165735.0 | ||
| 010 | _aB-483434-445 | ||
| 020 |
_a9788179753989 _c450.00 |
||
| 035 | _aB-483434-445 | ||
| 037 | _bके.के.पब्लिकेशंस | ||
| 082 | _a370.71 | ||
| 245 |
_aअध्यापक शिक्षा में गुणवत्ता/ _cज्योत्सना सक्सेना, गीतिका मेहरोत्रा एंव सुहासिनी श्रीवास्तव द्वारा सम्पादित |
||
| 260 |
_aनई दिल्ली _bअनामिका पब्लिशर्स _c2011 |
||
| 270 |
_a4697/3, 21 ए, अंसारी रोड, दरियागंज _bनई दिल्ली _e110002 _k23281655 |
||
| 300 |
_a 208 पृ. _c22 सें.मी. (सजिल्द) |
||
| 700 |
_aसक्सेना, ज्योत्सना _949220 |
||
| 700 |
_aमेहरोत्रा, गीतिका _949321 |
||
| 700 |
_aश्रीवास्तव, सुहासिनी _949322 |
||
| 700 |
_aमिश्र, यतीन्द्र _949266 |
||
| 942 |
_2ddc _cHN _mअध्याप _h370.71 |
||
| 999 |
_c68070 _d68070 |
||